Normal view
MARC view
- Schmidt Urzúa, Alejandra
Entry Nombre Personal
001 - NUMERO DE CONTROL
- campo de control: 38256
003 - IDENTIFICADOR DE NUMERO DE CONTROL
- campo de control: UPN
005 - FECHA Y HORA DE LA ÜLTIMA TRANSACCIÓN
- campo de control: 20210219194534.0
008 - DATOS DE LONGITUD FIJA
- campo de control de longitud fija: nabaccnnaabn|||||||||| b |nc|||||d
035 ## - NUMERO DE CONTROL
- Número de control: UPN11000010363
040 ## - FUENTE DE CATALOGACIÓN
- Lenguaje de catalogación: SPA
- Agencia de transcripción: UPN
053 #4 - NÚMERO DE CLASIFICACIÓN LC
- Número de clasificación elemento-número único o número inicial de tramo: PQ8098.429 CH6.4
100 1# - ENCABEZAMIENTO - NOMBRE PERSONAL
- Nombre personal: Schmidt Urzúa, Alejandra
670 ## - FUENTE EN LA QUE SE LOCALIZARON DATOS
- Cita de la fuente: T
- Uniform Resource Identifier: http://www.ibbychile.cl/joomla16/index.php/integrantes/8-integrantes/73-alejandra-schmidt
680 ## - NOTA PUBLICA DE ACCESO PÚBLICO
- Frase explicativa de la referencia: Licenciada en Literatura y Lingüística Hispanas por la Pontificia Universidad Católica de Chile, obtuvo un Certificate in Book Publishing en New York University. Se desempeña como editora de Editorial Zig-Zag, en donde ha creado varias colecciones orientadas principalmente a los primeros lectores.
902 ## - CATALOGADOR
- Catalogador: MITM/290216
